LEADER 02546oas 2200829 a 450 001 9910946931203321 005 20260218113032.0 011 $a1999-0588 024 7 $a10.1787/19990588 035 $a(DE-599)ZDB2128900-1 035 $a(OCoLC)71365150 035 $a(CONSER) 2012263099 035 $a(CKB)2590000000002836 035 $a(DE-599)2128900-1 035 $a(EXLCZ)992590000000002836 100 $a19960930a19969999 uf 101 0 $aeng 135 $aur||||||||||| 181 $ctxt$2rdacontent 182 $cc$2rdamedia 183 $acr$2rdacarrier 200 10$aOECD economic surveys$iThe Slovak Republic /$fCentre for Co-operation with the Economies in Transition 210 $aParis $cOrganisation for Economic Co-operation and Development$dİ1996- 225 1 $a2001/2002: Economics,$x0376-6438 311 08$a1995-3526 410 0$aEconomics (Paris, France) 517 1 $aOrganisation for Economic Co-operation and Development. 517 1 $aSlovak Republic 606 $aEconomics 606 $aEconomic history$2fast$3(OCoLC)fst00901974 606 $aEconomic policy$2fast$3(OCoLC)fst00902025 606 $aEconomische situatie$2gtt 607 $aSlovakia$xEconomic conditions$vPeriodicals 607 $aSlovakia$xEconomic policy$vPeriodicals 607 $aSlovakia 607 $aSlovaquie$xConditions e?conomiques$vPe?riodiques 607 $aSlovaquie$xPolitique e?conomique$vPe?riodiques 607 $aSlovakia$2fast$1https://id.oclc.org/worldcat/entity/E39PBJkXtrVWwTxQXgBkqKGvHC 608 $aPeriodicals.$2fast 610 $aFiscal policy --$aSlovakia 610 $aEconomic surveys --$aSlovakia 610 $aEconomic conditions --$aSlovakia 610 $aSlovakia --$aStatistics 615 4$aEconomics. 615 7$aEconomic history. 615 7$aEconomic policy. 615 17$aEconomische situatie. 676 $a330.94373/005 712 02$aOrganisation for Economic Co-operation and Development. 712 02$aCentre for Co-operation with Economies in Transition. 801 0$bCUD 801 1$bCUD 801 2$bOCLCE 801 2$bOCLCQ 801 2$bIL4I7 801 2$bTXA 801 2$bOCLCF 801 2$bBTN 801 2$bOCLCQ 801 2$bOCLCA 801 2$bAU@ 801 2$bS2H 801 2$bOCLCO 801 2$bAUD 801 2$bOCLCL 801 2$bFIE 801 2$bAGLDB 801 2$bOCLCL 906 $aJOURNAL 912 $a9910946931203321 996 $aOECD. Economic surveys$9789985 997 $aUNINA